000 00672cam a2200241 4500
008 090401t1997 xxu||||| |||| 00| 0 eng d
020 _a0852926693
035 _a(Sirsi) u78130
041 _aeng
050 _a658.3
100 _aBramham, John
245 _aBenchmarking for people managers.
260 _aLondon
_bInstitute of Personnel and Development
_c1997
300 _axiii,231p. ; 24cm.
350 _a17.95
490 _aDeveloping Practice
650 _aBENCHMARKING
650 _aHUMAN RESOURCE MANAGEMENT
650 _aPERSONNEL MANAGEMENT
690 _aMANAGEMENT-BUSINESS MANAGEMENT-PROFESSIONAL PRACTICE
942 _n0
948 _c02/05/1997
999 _c96392
_d96392